| 000 | 00679nam a2200193 i 4500 | ||
|---|---|---|---|
| 001 | 137966 | ||
| 003 | ES-MaACL | ||
| 005 | 20250929063205.0 | ||
| 007 | t| | ||
| 008 | 070214s1905 cu r ||||1| spa d | ||
| 100 | 1 |
_aSánchez de Fuentes, Fernando, _d1871-1935 _9102578 |
|
| 245 | 1 | 0 |
_aConcepto y tendencias del Derecho Civil moderno / _cpor Fernando Sánchez de Fuentes. |
| 260 |
_aLa Habana : _b[s. n.], _c1905. |
||
| 300 |
_a52 p. ; _c23 cm. |
||
| 500 | _aTesis doctoral leída en la Facultad de Derecho el 27 de agosto de 1904. | ||
| 710 | 2 |
_aUniversidad de La Habana. _bFacultad de Derecho. _97192 |
|
| 852 |
_aES-MaACL _jT-1222-F-9 |
||
| 999 |
_c137966 _d137966 |
||